Maticová analýza konštrukcií : Metóda prenosových matíc

Salvato in:
Dettagli Bibliografici
Autori principali: Sobota, Ján (Autore), Dický, Jozef, 1951- (Autore)
Natura: Libro
Lingua:slovacco
Pubblicazione: Bratislava : SVŠT v Bratislave, 1985
Tags: Aggiungi Tag
Nessun Tag, puoi essere il primo ad aggiungerne!!

MARC

LEADER 00000nam a22000003a 4500
001 stu87051
005 20150617225629.1
008 040518s1985----cs------------------slo-d
040 |a STU  |b slo 
041 0 |a slo 
044 |a cs 
080 |a 624.041(075.8)  |7 stu_us_auth*stu4346 
100 1 |a Sobota, Ján  |4 aut 
245 1 |a Maticová analýza konštrukcií :  |b Metóda prenosových matíc 
260 |a Bratislava :  |b SVŠT v Bratislave,  |c 1985 
300 |a 96 s.;schémy 
700 1 |a Dický, Jozef,  |d 1951-  |4 aut  |u V250  |U SvF Stavebná fakulta  |T SvF Katedra stavebnej mechaniky  |X 976  |U V250  |Y 26  |7 A000000976 
996 |b 284V023539  |c V*29846/O-11931a  |l VVT  |s A  |a 24  |w stu87051_0001